000 00959nas a2200289 4500
001 BR2011001235
003 BR-BrBNA
005 20231205114456.0
007 ta
008 230509b bl.|||p| |||| 00| 00por d
040 _aBR-BrBNA
_bpor
_cBiblioteca Nacional de Agricultura
041 _a(Pt)
072 _aF30
100 1 _aMoraes, M.F. de
100 1 _aBastos, G.Q.
100 1 _aAnunciação Filho, C.J. da
100 1 _aMelo, L.J.O. T. de
100 1 _aReis, O.V. dos
245 1 _aAvaliação agroindustrial e parâmetros genético de progênies de cana-de-açucar em fase inicial na zona canavieira do litoral norte de Pernambuco
650 _aCANA DE AÇUCAR
650 _aSELEÇÃO
650 _aVARIAÇÃO GENÉTICA
650 _aPERNAMBUCO
773 0 _tCiência e Agrotecnologia (Brazil)
_xISSN 1413-7054
_g(Sep-Oct 2010), v. 34(5) p. 1086-1092
_wBR2011001235
909 _a202311
_bLúcia
_c55
_dLúcia Elande
942 _2AGRIS
_n0
_cANA
999 _c208937
_d208937